| 000 -LEADER |
| fixed length control field |
02443cam a22004098i 4500 |
| 001 - CONTROL NUMBER |
| control field |
18481278 |
| 003 - CONTROL NUMBER IDENTIFIER |
| control field |
OSt |
| 005 - DATE AND TIME OF LATEST TRANSACTION |
| control field |
20180116183020.0 |
| 008 - FIXED-LENGTH DATA ELEMENTS--GENERAL INFORMATION |
| fixed length control field |
150205s2015 enk 000 0 eng |
| 010 ## - LIBRARY OF CONGRESS CONTROL NUMBER |
| LC control number |
2015002349 |
| 020 ## - INTERNATIONAL STANDARD BOOK NUMBER |
| International Standard Book Number |
9781137353689 (paperback) |
| 040 ## - CATALOGING SOURCE |
| Original cataloging agency |
DLC |
| Language of cataloging |
eng |
| Transcribing agency |
DLC |
| Description conventions |
rda |
| 042 ## - AUTHENTICATION CODE |
| Authentication code |
pcc |
| 043 ## - GEOGRAPHIC AREA CODE |
| Geographic area code |
e-fr--- |
| -- |
e-gx--- |
| -- |
e-uk--- |
| 050 00 - LIBRARY OF CONGRESS CALL NUMBER |
| Classification number |
HD8376.5 |
| Item number |
.M55 2015 |
| 082 00 - DEWEY DECIMAL CLASSIFICATION NUMBER |
| Classification number |
658.3 MIL 2015 |
| Edition number |
23 |
| 084 ## - OTHER CLASSIFICATION NUMBER |
| Classification number |
BUS030000 |
| -- |
BUS038000 |
| -- |
POL013000 |
| Number source |
bisacsh |
| 100 1# - MAIN ENTRY--PERSONAL NAME |
| Personal name |
Milner, Susan. |
| 245 10 - TITLE STATEMENT |
| Title |
Comparative Employment Relations |
| Remainder of title |
France, Germany and Britain |
| Statement of responsibility, etc. |
Susan Milner. |
| 260 ## - PUBLICATION, DISTRIBUTION, ETC. |
| Place of publication, distribution, etc. |
New York |
| Name of publisher, distributor, etc. |
Palgrave |
| Date of publication, distribution, etc. |
2015 |
| 263 ## - PROJECTED PUBLICATION DATE |
| Projected publication date |
1504 |
| 300 ## - PHYSICAL DESCRIPTION |
| Extent |
270 p. |
| Other physical details |
PB |
| 440 ## - SERIES STATEMENT/ADDED ENTRY--TITLE |
| Title |
Comparative Employment Relations |
| 505 8# - FORMATTED CONTENTS NOTE |
| Formatted contents note |
Machine generated contents note: -- 1. Introducing Comparative Employment Relations -- 2. Understanding Variety and Change in Capitalist Economies -- 3. The Changing Role of the State in Employment Relations -- 4. Trade Unions in and Beyond the Workplace -- 5. Does Collective Bargaining Still Matter? -- 6. Employment Relations in the Workplace: Voice, Representation and Conflict -- 7. Organisational Restructuring and Employment Relations -- 8. Working Time, Employment Regimes, and Employment Relations -- 9. Pay, Productivity and Skills -- 10. Conclusion: Lessons from Comparative Employment Relations. |
| 520 ## - SUMMARY, ETC. |
| Summary, etc. |
"Explores employment relations in three key European countries: France, Germany and the UK. The comparative approach examines key areas of employment relations to analyse national differences and similarities. This comparative text fills the gap between single country studies of employment relations and more broad-brush multi-country approaches"-- |
| 600 ## - SUBJECT ADDED ENTRY--PERSONAL NAME |
| Personal name |
France, Germany and Britain |
| 650 #0 - SUBJECT ADDED ENTRY--TOPICAL TERM |
| Topical term or geographic name entry element |
Industrial relations |
| Geographic subdivision |
France. |
| 650 #0 - SUBJECT ADDED ENTRY--TOPICAL TERM |
| Topical term or geographic name entry element |
Industrial relations |
| Geographic subdivision |
Germany. |
| 650 #0 - SUBJECT ADDED ENTRY--TOPICAL TERM |
| Topical term or geographic name entry element |
Industrial relations |
| Geographic subdivision |
Great Britain. |
| 650 #7 - SUBJECT ADDED ENTRY--TOPICAL TERM |
| Topical term or geographic name entry element |
BUSINESS & ECONOMICS / Human Resources & Personnel Management. |
| Source of heading or term |
bisacsh |
| 650 #7 - SUBJECT ADDED ENTRY--TOPICAL TERM |
| Topical term or geographic name entry element |
BUSINESS & ECONOMICS / Labor. |
| Source of heading or term |
bisacsh |
| 650 #7 - SUBJECT ADDED ENTRY--TOPICAL TERM |
| Topical term or geographic name entry element |
POLITICAL SCIENCE / Labor & Industrial Relations. |
| Source of heading or term |
bisacsh |
| 856 42 - ELECTRONIC LOCATION AND ACCESS |
| Materials specified |
Cover image |
| Uniform Resource Identifier |
<a href="http://www.netread.com/jcusers2/bk1388/689/9781137353689/image/lgcover.9781137353689.jpg">http://www.netread.com/jcusers2/bk1388/689/9781137353689/image/lgcover.9781137353689.jpg</a> |
| 906 ## - LOCAL DATA ELEMENT F, LDF (RLIN) |
| a |
7 |
| b |
cbc |
| c |
orignew |
| d |
1 |
| e |
ecip |
| f |
20 |
| g |
y-gencatlg |
| 942 ## - ADDED ENTRY ELEMENTS (KOHA) |
| Source of classification or shelving scheme |
|
| Koha item type |
Book |